000 00399nam a2200157Ia 4500
008 210716s1967 xx 000 0 und d
020 _a0816238561
041 _aeng
082 _a003 HILF
100 _aHillier, Frederick S;Lieberman, Gerald J.
245 _aOperations research
250 _a2
260 _aLondon
_bHolden-Day Inc
_c1967
300 _axi, 800
650 _aOperations Research
999 _c203082
_d203082